Saint Ambroise et la philosophie

Uloženo v:
Podrobná bibliografie
Hlavní autor: Madec, Goulven (autor)
Médium: Kniha
Jazyk:francouzština
Vydáno: París Études Augustiniennes 1974
Témata:
Tagy: Přidat tag
Žádné tagy, Buďte první, kdo vytvoří štítek k tomuto záznamu!

MARC

LEADER 00000nam a2200000 a 4500
001 UCZ5406
003 CL-VaPUC
008 951117e19740000FR |||||||||||||||||fre|d
082 0 4 |a 184  |b MAD  |2 21 
100 |a Madec, Goulven  |e autor  |9 349369 
245 1 0 |a Saint Ambroise et la philosophie 
300 |a 449 p 
942 |c BK 
945 |d 19951117 00:00:00  |a lriquelm 
260 |a París  |b Études Augustiniennes  |c 1974 
600 0 7 |a SAN AMBROSIO  |2 CL-VaPUC  |9 349370 
650 0 |a Platonismo  |9 265673 
650 0 |a Filosofía cristiana   |9 265980 
650 0 |a Escuelas filosóficas   |9 266232 
583 |a last modification  |c 19951117 00:00:00  |k Rodrigo Vera 
999 |c 241724  |d 241722 
952 |0 0  |1 0  |4 0  |6 184_000000000000000_MAD_1974  |7 0  |8 P  |9 254159  |a BIBEDU  |b BIBEDU  |c BIBEDU_PB  |d 2019-11-19  |i 1575465  |o 184 MAD 1974  |p 1575465  |r 2024-01-25  |w 2019-11-19  |y BK  |k FIL